<?xml version="1.0" encoding="UTF-8"?>
<marc:record xmlns:marc="http://www.loc.gov/MARC21/slim">
   <marc:leader>00000nam a2200000 a 4500</marc:leader>
   <marc:datafield ind1="1" ind2=" " tag="100">
      <marc:subfield code="a">Pütz, Martina</marc:subfield>
      <marc:subfield code="4">aut</marc:subfield>
      <marc:subfield code="e">Verfasser/-in</marc:subfield>
   </marc:datafield>
   <marc:datafield ind1=" " ind2=" " tag="653">
      <marc:subfield code="a">Präsentation</marc:subfield>
   </marc:datafield>
   <marc:datafield ind1=" " ind2=" " tag="653">
      <marc:subfield code="a">Vortragstechnik</marc:subfield>
   </marc:datafield>
   <marc:datafield ind1="0" ind2="0" tag="245">
      <marc:subfield code="a">Einfach präsentieren</marc:subfield>
   </marc:datafield>
   <marc:datafield ind1="0" ind2="0" tag="245">
      <marc:subfield code="b">Plus DVD mit Praxistipps</marc:subfield>
   </marc:datafield>
   <marc:datafield ind1=" " ind2="1" tag="264">
      <marc:subfield code="b">Linde</marc:subfield>
      <marc:subfield code="c">2012</marc:subfield>
   </marc:datafield>
   <marc:datafield ind1="1" ind2=" " tag="520">
      <marc:subfield code="a">Klappentext: Jeder kann präsentieren - Vielen Menschen bereitet das Sprechen vor einer Gruppe schlaflose Nächte. Die unzähligen Ratgeber und Seminare, die erklären, wie »man« richtig präsentiert, helfen nur bedingt weiter, denn wer sich starr an vorgegebene Konzepte hält, ist nicht in der Lage, authentisch aufzutreten. Die wunderbare Botschaft an alle, die sich vor Präsentationen scheuen: Wir alle verfügen über jene Techniken und Instrumente, die wir für einen souveränen Auftritt benötigen - wenn wir lernen, wieder auf uns selbst zu vertrauen. Trainerin Martina Pütz zeigt in ihrem Buch, wie man die eigene Körpersprache ganz natürlich einsetzt, locker und frei spricht und mit einer authentischen Präsentation das Publikum überzeugt.</marc:subfield>
   </marc:datafield>
   <marc:datafield ind1=" " ind2=" " tag="020">
      <marc:subfield code="a">9783709304853</marc:subfield>
      <marc:subfield code="9">9783709304853</marc:subfield>
   </marc:datafield>
</marc:record>
